书目信息 |
| 题名: |
农牧交错带可持续发展战略与对策
|
|
| 作者: | 陈建华 主编 | |
| 分册: | ||
| 出版信息: | 北京 化学工业出版社 2004 |
|
| 页数: | 233页 | |
| 开本: | 24cm | |
| 丛书名: | ||
| 单 册: | ||
| 中图分类: | F323.4 | |
| 科图分类: | ||
| 主题词: | 农业综合发展--可持续性发展--研究--中国 , 农业综合发展 , 可持续性发展 | |
| 电子资源: | ||
| ISBN: | 7-5025-5499-8 | |
| 000 | 00963nam0 2200253 450 | |
| 001 | 002693647 | |
| 005 | 20070805081645.26 | |
| 010 | @a7-5025-5499-8@dCNY38.00 | |
| 100 | @a20040802d2004 em y0chiy0110 ea | |
| 101 | 0 | @achi |
| 102 | @aCN@b110000 | |
| 105 | @ab z 000yy | |
| 106 | @ar | |
| 200 | 1 | @a农牧交错带可持续发展战略与对策@Anong mu jiao cuo dai ke chi xu fa zhan zhan lve yu dui ce@f陈建华等主编@Fchen jian hua deng zhu bian |
| 210 | @a北京@c化学工业出版社@d2004 | |
| 215 | @a233页@c地图@d24cm | |
| 330 | @a本书介绍了农牧交错带的形成与发展、农牧交错带的地位和功能、国外农牧交错带开发和治理的经验与教训、农牧交错带的典型案例与模式、农牧交错带农业可持续发展的对策、农牧交错带的治理与开发技术等内容。 | |
| 606 | 0 | @a农业综合发展@x可持续性发展@x研究@y中国 |
| 606 | 0 | @a农业综合发展 |
| 606 | 0 | @a可持续性发展 |
| 690 | @aF323.4@v4 | |
| 701 | 0 | @a陈建华@Achen jian hua@c(农学,@f1954~)@4主编 |
| 801 | 0 | @aCN@bNLC@c20070805 |
| 905 | @dF323.4@e94@f5 | |
| 农牧交错带可持续发展战略与对策/陈建华等主编.-北京:化学工业出版社,2004 |
| 233页:地图;24cm |
| ISBN 7-5025-5499-8:CNY38.00 |
| 本书介绍了农牧交错带的形成与发展、农牧交错带的地位和功能、国外农牧交错带开发和治理的经验与教训、农牧交错带的典型案例与模式、农牧交错带农业可持续发展的对策、农牧交错带的治理与开发技术等内容。 |
| ● |
| 相关链接 |
|
|
|
|
正题名:农牧交错带可持续发展战略与对策
索取号:F323.4/94
 
预约/预借
| 序号 | 登录号 | 条形码 | 馆藏地/架位号 | 状态 | 备注 |
| 1 | 0851124 | 208511243 | 第一样本阅览室/ [索取号:F323.4/94] | 在馆 | |
| 2 | 0851125 | 208511252 | 第一借阅区/ [索取号:F323.4/94] | 在馆 | |
| 3 | 0851126 | 208511261 | 第一借阅区/ [索取号:F323.4/94] | 在馆 | |
| 4 | 0851127 | 208511270 | 第一借阅区/ [索取号:F323.4/94] | 在馆 | |
| 5 | 0851128 | 208511289 | 第一借阅区/ [索取号:F323.4/94] | 在馆 |